[Event "Titled Tuesday intern op 30th Apr Early"]
[Site "Chess.com INT"]
[Date "2024.04.30"]
[Round "6"]
[White "Mirzoev, Azer"]
[Black "Mayaud, Raphael"]
[Result "1-0"]
[WhiteElo "2447"]
[BlackElo "2175"]
[PlyCount "77"]
[EventDate "2024.04.30"]
[EventType "swiss (blitz)"]
[EventRounds "11"]
[EventCountry "USA"]
[SourceTitle "CB19_2024"]
[SourceDate "2024.05.08"]
[SourceVersion "1"]
[SourceVersionDate "2024.05.08"]
[SourceQuality "1"]

1. c4 c6 2. e4 d5 3. exd5 cxd5 4. cxd5 Nf6 5. Qa4+ Nbd7 6. Nc3 g6 7. Bc4 Bg7 8. d3 0-0 9. Nge2 Nb6 10. Qb3 Bf5 11. Be3 Ng4 12. Bd4 Rc8 13. Bxg7 Kxg7 14. Ng3 Ne5 15. Nxf5+ gxf5 16. 0-0 Nexc4 17. dxc4 Rxc4 18. Rfe1 Rg4 19. h3 Rg6 20. Rad1 Qd7 21. Ne2 Kh8 22. Nf4 Rg7 23. Qe3 Nc8 24. b3 Rfg8 25. a4 a6 26. Qe5 Qd6 27. Qxd6 exd6 28. Rc1 Nb6 29. a5 Nd7 30. Rc7 Ne5 31. Rec1 Ng6 32. Nh5 Re8 33. Nxg7 Kxg7 34. Rxb7 Re5 35. Rb6 Nf4 36. Kh2 Rxd5 37. Rxa6 Rd2 38. Rf1 Nd3 39. Rxd6 1-0

[Event "Titled Tuesday intern op 30th Apr Early"]
[Site "Chess.com INT"]
[Date "2024.04.30"]
[Round "8"]
[White "Mirzoev, Azer"]
[Black "Myagmarsuren, Evsuld"]
[Result "1-0"]
[WhiteElo "2447"]
[BlackElo "2090"]
[PlyCount "61"]
[EventDate "2024.04.30"]
[EventType "swiss (blitz)"]
[EventRounds "11"]
[EventCountry "USA"]
[SourceTitle "CB19_2024"]
[SourceDate "2024.05.08"]
[SourceVersion "1"]
[SourceVersionDate "2024.05.08"]
[SourceQuality "1"]

1. c4 c6 2. e4 d5 3. exd5 cxd5 4. cxd5 Nf6 5. Qa4+ Nbd7 6. Nc3 g6 7. Bc4 Bg7 8. d3 0-0 9. Nge2 Nb6 10. Qb3 Bf5 11. Be3 Nfd7 12. Ng3 Nxc4 13. dxc4 Bd3 14. Nce2 Ne5 15. Rc1 Rc8 16. 0-0 Bxc4 17. Qxb7 Qxd5 18. Qxe7 Bxe2 19. Nxe2 Qxa2 20. Rxc8 Rxc8 21. Qb7 Re8 22. Nc3 Qe6 23. h3 Nc4 24. Bxa7 Qe7 25. Qb5 Nd2 26. Nd5 Qxa7 27. Qxe8+ Bf8 28. Re1 Kg7 29. Qe5+ Kh6 30. Nf6 Bc5 31. Ng4# 1-0

[Event "Titled Tuesday intern op 23rd Apr Late"]
[Site "Chess.com INT"]
[Date "2024.04.23"]
[Round "10"]
[White "Mirzoev, Azer"]
[Black "Buchenau, Frank"]
[Result "1-0"]
[WhiteElo "2447"]
[BlackElo "2175"]
[PlyCount "111"]
[EventDate "2024.04.23"]
[EventType "swiss (blitz)"]
[EventRounds "11"]
[EventCountry "USA"]
[SourceTitle "CB18_2024"]
[SourceDate "2024.05.01"]
[SourceVersion "1"]
[SourceVersionDate "2024.05.01"]
[SourceQuality "2"]

1. c4 e5 2. Nc3 Nf6 3. e3 Nc6 4. Nf3 Bb4 5. Qc2 d6 6. d3 0-0 7. Be2 Bf5 8. 0-0 Bxc3 9. Qxc3 e4 10. dxe4 Nxe4 11. Qe1 a5 12. Nd2 Nc5 13. f3 Nb4 14. Qg3 Nc2 15. e4 Nxa1 16. exf5 Qe7 17. Bd1 Qe3+ 18. Kh1 Nd3 19. Nb3 Nxc1 20. Nxa1 Rfe8 21. f6 g6 22. Qh4 Nd3 23. Nc2 Qd2 24. h3 Qf4 25. Qxf4 Nxf4 26. Nd4 c6 27. Bc2 Re5 28. Rd1 Rae8 29. Rd2 h5 30. h4 d5 31. Bb3 a4 32. Bxa4 dxc4 33. Kh2 Rd8 34. Nxc6 Rxd2 35. Nxe5 Rxg2+ 36. Kh1 Rxb2 37. Nxc4 b5 38. Nxb2 bxa4 39. Nxa4 Nd5 40. Nc5 Kf8 41. a4 Ke8 42. Kg2 Kd8 43. Ne4 Kc7 44. Kg3 Kb6 45. Ng5 Nxf6 46. Nxf7 Ng8 47. Ne5 Ne7 48. Kf4 Ka5 49. Kg5 Kxa4 50. Nxg6 Nd5 51. Kxh5 Kb5 52. Kg5 Kc6 53. h5 Kd7 54. h6 Nc7 55. h7 Ne6+ 56. Kh6 1-0

[Event "Titled Tuesday intern op 23rd Apr Late"]
[Site "Chess.com INT"]
[Date "2024.04.23"]
[Round "11"]
[White "Rietze, Clemens"]
[Black "Mirzoev, Azer"]
[Result "0-1"]
[WhiteElo "2367"]
[BlackElo "2447"]
[PlyCount "102"]
[EventDate "2024.04.23"]
[EventType "swiss (blitz)"]
[EventRounds "11"]
[EventCountry "USA"]
[SourceTitle "CB18_2024"]
[SourceDate "2024.05.01"]
[SourceVersion "1"]
[SourceVersionDate "2024.05.01"]
[SourceQuality "2"]

1. d4 c6 2. c4 d5 3. cxd5 cxd5 4. Bf4 Nc6 5. e3 Qb6 6. Nc3 e6 7. a3 Nf6 8. Bd3 Bd7 9. Nge2 Rc8 10. h3 Be7 11. b4 Qd8 12. 0-0 0-0 13. Na4 Ne4 14. Nc5 Nxc5 15. bxc5 h6 16. Bc2 b6 17. Qd3 f5 18. cxb6 axb6 19. Rfc1 Na5 20. Be5 Nc4 21. Nf4 Nxe5 22. dxe5 Bc5 23. Rd1 Qe8 24. Bb3 Kh8 25. h4 g5 26. hxg5 hxg5 27. Ne2 Kg7 28. g3 Rh8 29. Kg2 Bb5 30. Qd2 Bc4 31. Bxc4 dxc4 32. Qc2 Qc6+ 33. e4 fxe4 34. Nc3 e3+ 35. Qe4 exf2 36. Qxc6 Rxc6 37. Ne4 Kg6 38. Rac1 Bxa3 39. Rc3 Bb2 40. Rf3 Bxe5 41. Rd7 c3 42. Rd1 c2 43. Rf1 Rc4 44. Nxf2 c1Q 45. Rxc1 Rxc1 46. Nd3 Rc2+ 47. Kf1 Bd4 48. Ne1 Ra2 49. g4 Bc5 50. Rg3 Rha8 51. Rd3 R8a3 0-1

[Event "Titled Tuesday intern op 16th Apr Early"]
[Site "Chess.com INT"]
[Date "2024.04.16"]
[Round "4"]
[White "Mirzoev, Azer"]
[Black "Bynum, Jacorey"]
[Result "1-0"]
[WhiteElo "2447"]
[BlackElo "1966"]
[PlyCount "81"]
[EventDate "2024.04.16"]
[EventType "swiss (blitz)"]
[EventRounds "11"]
[EventCountry "USA"]
[SourceTitle "CB17_2024"]
[SourceDate "2024.04.24"]
[SourceVersion "1"]
[SourceVersionDate "2024.04.24"]
[SourceQuality "1"]

1. c4 e5 2. Nc3 Nf6 3. e3 c6 4. d4 exd4 5. Qxd4 d5 6. cxd5 cxd5 7. Nf3 Nc6 8. Qd3 Bb4 9. Be2 0-0 10. 0-0 Re8 11. Rd1 Be6 12. a3 Ba5 13. b4 Bc7 14. Bb2 Qe7 15. Nb5 Bb8 16. Nbd4 Nxd4 17. Bxd4 Ne4 18. Qb3 Bd6 19. Qb2 f6 20. Rdc1 a6 21. h3 Rac8 22. b5 a5 23. b6 Qf7 24. Qb5 Qg6 25. Kf1 Qh6 26. Qxa5 Rxc1+ 27. Rxc1 Bxh3 28. Qxd5+ Kh8 29. Qf7 Rd8 30. Rc7 Rf8 31. Qxg7+ Qxg7 32. Rxg7 Kxg7 33. gxh3 Bxa3 34. Nh4 Bc5 35. Bxc5 Nxc5 36. Nf5+ Kg6 37. Nd6 Rd8 38. Nc4 Rc8 39. Bf3 Re8 40. Nd6 Re6 41. Nc4 1-0

[Event "Titled Tuesday intern op 16th Jan Early"]
[Site "Chess.com INT"]
[Date "2024.01.16"]
[Round "2"]
[White "Burmakin, Evgeniy"]
[Black "Mirzoev, Azer"]
[Result "0-1"]
[WhiteElo "2166"]
[BlackElo "2447"]
[PlyCount "66"]
[EventDate "2024.01.16"]
[EventType "swiss (blitz)"]
[EventRounds "11"]
[EventCountry "USA"]
[SourceTitle "CB04_2024"]
[SourceDate "2023.10.16"]
[SourceVersion "1"]
[SourceVersionDate "2023.10.16"]
[SourceQuality "1"]

1. e4 c5 2. Nc3 e6 3. Nf3 a6 4. d4 cxd4 5. Nxd4 b5 6. a3 Bb7 7. Be3 Nc6 8. Be2 Nf6 9. Nxc6 Bxc6 10. f3 Qb8 11. Qd2 Bd6 12. 0-0-0 Be5 13. Bd4 0-0 14. Bxe5 Qxe5 15. Qd6 Qxd6 16. Rxd6 Rfc8 17. Rhd1 Kf8 18. g4 g5 19. h4 h6 20. R6d2 Ke7 21. Rh1 Rab8 22. Bd3 a5 23. Ne2 b4 24. axb4 axb4 25. Nd4 Bb7 26. Rdh2 Ra8 27. Kb1 d5 28. exd5 Bxd5 29. hxg5 hxg5 30. Rf1 Ra5 31. Re2 Rca8 32. Nf5+ Kf8 33. Kc1 Ra1+ 0-1

[Event "Titled Tuesday intern op 16th Jan Early"]
[Site "Chess.com INT"]
[Date "2024.01.16"]
[Round "11"]
[White "Mirzoev, Azer"]
[Black "Livaic, Leon"]
[Result "1/2-1/2"]
[WhiteElo "2447"]
[BlackElo "2557"]
[PlyCount "122"]
[EventDate "2024.01.16"]
[EventType "swiss (blitz)"]
[EventRounds "11"]
[EventCountry "USA"]
[SourceTitle "CB04_2024"]
[SourceDate "2023.10.16"]
[SourceVersion "1"]
[SourceVersionDate "2023.10.16"]
[SourceQuality "1"]

1. d4 Nf6 2. Nf3 g6 3. g3 Bg7 4. Bg2 0-0 5. 0-0 d6 6. Nc3 c6 7. a4 Qc7 8. e4 Nbd7 9. h3 a5 10. Re1 e5 11. dxe5 dxe5 12. Be3 Rd8 13. Nd2 Bf8 14. Qc1 Nc5 15. Bg5 Be7 16. Bf1 Ne6 17. Be3 Nd4 18. Nd1 h5 19. c3 Ne6 20. Kh2 h4 21. Qc2 Nh5 22. Nf3 hxg3+ 23. fxg3 Nc5 24. Nf2 Be6 25. Ng5 Bb3 26. Qe2 Nf6 27. Qf3 Rd7 28. Ra3 Bc2 29. h4 Ne6 30. Raa1 Nxg5 31. Bxg5 Nh7 32. Bxe7 Rxe7 33. Ng4 Bb3 34. Bh3 Be6 35. Nf6+ Nxf6 36. Qxf6 Bxh3 37. Kxh3 Qd7+ 38. Kg2 Qd2+ 39. Qf2 Rd8 40. Re2 Qd3 41. Rf1 Red7 42. Qf3 Qxe2+ 43. Qxe2 Rd2 44. Kf2 Kg7 45. Ke3 Rxe2+ 46. Kxe2 f6 47. Rd1 Rxd1 48. Kxd1 Kh6 49. g4 Kg7 50. Ke2 Kf7 51. Kd3 b6 52. Kc4 Ke6 53. Kd3 Kf7 54. b4 Ke6 55. bxa5 bxa5 56. Kc4 Kf7 57. Kd3 Ke6 58. Ke3 Kf7 59. Kf3 Kg7 60. Ke3 Kf7 61. Kd3 Ke6 1/2-1/2

[Event "Titled Tuesday intern op 16th Jan Early"]
[Site "Chess.com INT"]
[Date "2024.01.16"]
[Round "8"]
[White "Slate, Kent"]
[Black "Mirzoev, Azer"]
[Result "0-1"]
[WhiteElo "2087"]
[BlackElo "2447"]
[PlyCount "58"]
[EventDate "2024.01.16"]
[EventType "swiss (blitz)"]
[EventRounds "11"]
[EventCountry "USA"]
[SourceTitle "CB04_2024"]
[SourceDate "2023.10.16"]
[SourceVersion "1"]
[SourceVersionDate "2023.10.16"]
[SourceQuality "1"]

1. e4 c6 2. d4 d5 3. Nc3 dxe4 4. Nxe4 Bf5 5. Nc5 Qc8 6. Nf3 e6 7. Nb3 Nf6 8. Bd3 Bg4 9. Bf4 Nbd7 10. h3 Bh5 11. Qe2 Be7 12. g4 Bg6 13. Bxg6 hxg6 14. c3 Nxg4 15. 0-0-0 Ngf6 16. Bg5 a5 17. Nbd2 a4 18. Nc4 0-0 19. h4 Re8 20. Nce5 Nxe5 21. Nxe5 c5 22. dxc5 Qxc5 23. f4 a3 24. Rde1 axb2+ 25. Kb1 Nd5 26. Rh3 Nxc3+ 27. Rxc3 Qxc3 28. Nxf7 Bxg5 29. Nxg5 Rxa2 0-1